000 00470nam a2200169 i 4500
001 102582
003 ES-MaACL
005 20250722063145.0
007 t|
008 051117s1981 sp ||||1| spa d
100 1 _aMerino, José María,
_d1941-
_9149582
245 1 3 _aEl caldero de oro /
_cJosé María Merino.
260 _aMadrid :
_bAlfaguara,
_c1981.
300 _a196 p. ;
_c22 cm.
852 _aES-MaACL
_jL-1629
_bR.102349
999 _c102582
_d102582